[Event "Paris GCT Blitz"]
[Site "Paris"]
[Date "2017.06.25"]
[Round "15"]
[White "Karjakin, Sergey"]
[Black "Carlsen, Magnus"]
[Result "1-0"]
[WhiteElo "2776"]
[BlackElo "2851"]
[Annotator "Yermolinsky,A"]
[PlyCount "171"]
[EventDate "2017.06.21"]
[EventType "tourn (blitz)"]
[EventRounds "18"]
[EventCountry "FRA"]
[EventCategory "22"]
[SourceTitle "CBM 179"]
[Source "ChessBase"]
[SourceDate "2017.07.12"]
[SourceVersion "1"]
[SourceVersionDate "2017.07.12"]
[SourceQuality "1"]

1. e4 e5 2. Nf3 Nc6 3. Bc4 Bc5 4. O-O Nf6 5. d3 a6 6. c3 d6 7. a4 Ba7 8. Nbd2
O-O 9. h3 h6 10. Re1 Re8 11. b4 Be6 12. Bxe6 Rxe6 13. Qc2 Ne7 $6 {Not the best
idea here, as White might have different intentions instead of the standard
plan with d3-d4.} (13... Qd7) 14. Nf1 Ng6 15. c4 $5 {Here it is, only possible
because the black knights are far away from the d4-square.} a5 16. bxa5 Ne7 17.
Rb1 Rb8 18. Bd2 Nc6 19. Ng3 Nd7 20. Rb5 Nc5 21. Reb1 Qc8 22. Be3 Re8 23. Nf5
Ne6 {It is not often that we see Carlsen being outplayed in his favorite pawn
structure.} 24. Qd2 ({More energetic was} 24. a6 bxa6 25. Rxb8 Bxb8 26. c5 $16)
24... h5 $6 {Carlsen's plan was to evict the knight from f5 by g7-g6, but he
won't get the time to do it.} 25. d4 $1 exd4 (25... g6 26. d5 gxf5 27. exf5 Nc5
28. Bxc5 Qxf5 29. Bxa7 Nxa7 30. Rxb7 $18) 26. N3xd4 Nexd4 27. Nxd4 Bxd4 28.
Bxd4 {Now the h5-pawn is sticking out like a sore thumb.} Rxe4 (28... Qe6 29.
Rxb7 Rxb7 30. Rxb7 Qxc4 31. Bc3 Ne5 32. f3 {looks pretty bad for Black, but at
least he isn't getting mated.}) ({Same goes for the very depressing position
after} 28... Nxd4 29. Qxd4 g6 30. f4) 29. Bc3 Rxc4 30. Rxh5 {Do you spot a
threat?} Qe6 {Carlsen did.} (30... Rc5 31. Rh8+ $1 Kxh8 32. Qh6+) 31. Re1 Qg6
32. Rg5 {but it cost him his queen to defend the king.} Qxg5 33. Qxg5 Rxc3 34.
Re4 Rc5 35. Qg3 Rxa5 36. Rg4 g6 37. Qb3 Kf8 38. Rh4 Ke7 39. Rf4 Nd8 40. Re4+ $2
{The only mistake Sergey made in this game.} ({Instead,} 40. Qc3 Rc5 41. Qf6+
Kd7 42. Re4 {would wrap it up rather quickly.}) 40... Kd7 $2 ({It would be
hard for White to break through after} 40... Ne6) 41. Qe3 (41. Qc3 Ra6 42. Qf6)
41... Nc6 (41... Ne6 $1) 42. Qf3 Rf8 43. Qf6 Re5 44. Rxe5 Nxe5 45. f4 Nc6 46.
g4 {The h-pawn is going to cost Black dearly. It took Karjakin another 40
moves to force resignation, but the issue was never in doubt.} Nd8 47. h4 Re8
48. h5 gxh5 49. gxh5 Re6 50. Qg7 d5 51. h6 Rg6+ 52. Kf2 Ke7 53. f5 Rf6 54. h7
Rxf5+ 55. Ke1 Ne6 56. Qh6 Re5+ 57. Kd1 Re4 58. h8=Q Rxa4 59. Qh2 Kd7 60. Qf6
Kc6 61. Qc2+ Rc4 62. Qxf7 Nc5 63. Qxc4 $5 dxc4 64. Qxc4 b5 65. Qh4 Nb7 66. Qe4+
Kb6 67. Qg6+ Nd6 68. Kc2 Kc5 69. Kb3 Nc4 70. Qg1+ Kc6 71. Kb4 Nd6 72. Qc5+ Kd7
73. Qd5 c6 74. Qg8 Kc7 75. Qg7+ Kb6 76. Qd4+ Kc7 77. Ka5 Nb7+ 78. Ka6 Nd6 79.
Qa7+ Kd8 80. Qh7 Nc8 81. Kb7 Ne7 82. Kb6 Kd7 83. Kc5 Ke6 84. Qh6+ Kd7 85. Qd6+
Ke8 86. Qe6 1-0

[Event "Paris GCT Blitz"]
[Site "Paris"]
[Date "2017.06.25"]
[Round "16"]
[White "Carlsen, Magnus"]
[Black "Vachier Lagrave, Maxime"]
[Result "0-1"]
[WhiteElo "2832"]
[BlackElo "2796"]
[Annotator "Yermolinsky,A"]
[PlyCount "114"]
[EventDate "2017.06.21"]
[EventType "tourn (blitz)"]
[EventRounds "18"]
[EventCountry "FRA"]
[EventCategory "22"]
[SourceTitle "CBM 179"]
[Source "ChessBase"]
[SourceDate "2017.07.12"]
[SourceVersion "1"]
[SourceVersionDate "2017.07.12"]
[SourceQuality "1"]

1. e4 c5 2. Nf3 d6 3. d4 cxd4 4. Nxd4 Nf6 5. Nc3 a6 6. Be2 e5 7. Nf3 h6 {
Common, but perhaps unnecessary.} (7... Be7 8. Bg5 Be6 9. Bxf6 Bxf6 10. O-O O-O
11. Nd5 Nd7 $11) 8. Nd2 b5 (8... Be6 {allows the white knight to continue the
journey to the d5-square.} 9. Nc4 b5 10. Ne3) 9. Nf1 $1 {Magnus finds a back
door entrance.} Bb7 10. Bf3 Nbd7 11. Ne3 Nb6 12. O-O Rc8 13. Qd3 g6 14. Rd1 Be7
15. a4 $1 b4 16. Na2 a5 17. c3 $2 ({There wasn't much wrong with the greedy} 
17. Qb5+ Bc6 18. Qxa5 Ra8 19. Qxb4 Rxa4 20. Qb3) 17... b3 18. Nb4 {One can
tell Magnus is trying to muscle his way through. While he's pretty good at
that too, still, this isn't how he normally plays.} axb4 19. a5 bxc3 $5 {
Maxime values the initiative above material. It's admirable under any
circumstances, but it also happens to be a pretty good strategy in blitz,
where active play is often rewarded.} (19... Nbd7 20. cxb4 O-O {Objectively
speaking Black is better here.}) 20. axb6 c2 21. Rd2 Qxb6 22. Ra3 O-O 23. Rxb3
Qa7 $6 ({The tournament situation called for trying to win at any cost, so} 
23... Qa6 24. Qxa6 Bxa6 25. Rxc2 Rxc2 26. Nxc2 Rc8 27. Rc3 Rxc3 28. bxc3 Kg7
29. Nb4 Bb7 {seemed too bland.}) 24. Ra3 Qd4 $6 25. Qb3 $1 Qxd2 26. Bxd2 c1=Q+
27. Bxc1 Rxc1+ 28. Nf1 Bxe4 {Black has compensation, but it's hard to see him
winning this.} 29. Qe3 $1 Rc4 30. Qxh6 d5 31. Bxe4 $1 {For a while Carlsen
played it right.} Ng4 (31... Bxa3 32. Bxg6 fxg6 33. Qxg6+ Kh8 34. bxa3 d4 35.
h4 {is practically hopeless for Black - see MVL-Nakamura from the rapid.}) 32.
Qh3 Rxe4 33. Rc3 Rb4 34. Rc2 Kg7 35. Qd3 Nf6 36. Qg3 e4 37. Qe5 Re8 {Under
better circumstances it would be hard to bet on Magnus losing this game, but
the combination of time trouble and frustration ultimately made it possible.}
38. Ne3 $6 (38. Ng3 d4 39. Qg5 d3 40. Nf5+ Kg8 41. Rc8 {leads White nowhere in
terms of obtaining winning chances} Rxc8 42. Nxe7+ Kg7 43. Nxc8 $4 (43. Nf5+ {
may still be enough for a draw}) 43... Rxb2 {and the back rank weakness kills.}
) ({The most practical would have been to play} 38. h4) 38... d4 39. Ng4 d3 40.
Rc1 Bd8 41. Qc3 Rb7 42. Ne3 Rc7 43. Qd2 Rxc1+ 44. Qxc1 Bb6 45. Kf1 Bxe3 46.
Qxe3 Rb8 47. Qd4 Rb5 48. Ke1 Rg5 49. g3 Rd5 50. Qc3 d2+ 51. Kd1 Rd3 52. Qe5 Rd5
53. Qf4 g5 $2 (53... Rd3 {strongly threatening e4-e3 would have forced
repetition:} 54. Qe5 Rd5 55. Qc3 Rd3) 54. Qe3 Kg6 55. h3 (55. h4 gxh4 56. gxh4)
55... Rd3 56. Qb6 Kg7 57. b4 $4 {Oh, horror.} Nd5 {Blunders aside, one has to
give credit to Maxime for uncompromising play. He sensed Magnus wasn't at his
best at the moment and seized his chance.} 0-1

[Event "Paris GCT Blitz"]
[Site "Paris"]
[Date "2017.06.25"]
[Round "17"]
[White "Nakamura, Hikaru"]
[Black "Carlsen, Magnus"]
[Result "1-0"]
[WhiteElo "2785"]
[BlackElo "2832"]
[Annotator "Yermolinsky,A"]
[PlyCount "125"]
[EventDate "2017.06.21"]
[EventType "tourn (blitz)"]
[EventRounds "18"]
[EventCountry "FRA"]
[EventCategory "22"]
[SourceTitle "CBM 179"]
[Source "ChessBase"]
[SourceDate "2017.07.12"]
[SourceVersion "1"]
[SourceVersionDate "2017.07.12"]
[SourceQuality "1"]

1. Nf3 d5 2. e3 Nf6 3. c4 c6 4. d4 a6 5. Bd3 Bg4 6. Nbd2 e6 7. h3 Bh5 8. b3
Nbd7 9. Bb2 Bg6 10. Bxg6 hxg6 11. Qc2 Bb4 12. O-O O-O 13. Bc3 Bxc3 14. Qxc3 c5
15. Rfd1 Rc8 16. Rac1 Qe7 17. Qb2 cxd4 18. Nxd4 Ne5 19. N2f3 Nxf3+ 20. Nxf3
dxc4 21. Rxc4 Rxc4 22. bxc4 {While the position on the board doesn't promise
White much, Hikaru's game plan was just to keep the game going.} Rc8 (22... Ne4
$1 23. Ne5 Nc5 {was the most solid way to handle this.}) 23. Ne5 g5 (23... Ne4
$2 24. Rd7) 24. Qb6 g6 25. a4 (25. Rd6 $1 Qc7 26. Qd4 $16) 25... Qc7 $1 26. Qb2
Qe7 27. Qb6 $1 {Exclamation mark for psychology. By repeating the moves once
Nakamura probes Carlsen's resolve.} Kg7 (27... Qc7 {It's an open question what
Hikaru would do in reply to a silent draw offer. I think he would have gone on:
} 28. Qd4 Qc5 29. Rb1 {etc.}) 28. g3 Rc7 29. Qb2 Kg8 30. Rd4 Rc5 31. Rd1 Rc7
32. Kg2 Rc8 33. Rd3 Rc7 34. Rd1 Rc8 35. a5 Rc7 36. Qb6 Rc8 37. Rb1 Rc7 38. Rb2
Qc5 39. f4 gxf4 40. gxf4 Ne4 41. Kf3 Nd6 42. Rb4 Kg7 43. Ke2 $6 {Both players
were extremely low on time.} (43. Qxc5 Rxc5 44. e4 f6 45. Nd3 {keeps the
balance, as now White has} Rxa5 46. e5) 43... f6 44. Qxc5 Rxc5 45. Nd3 Rxc4 $2
{Hikaru's risky strategy begins to pay dividends.} (45... Rxa5 46. Rb6 Ra2+ (
46... Nxc4 47. Rxb7+ Kh6 48. Nf2 Ra2+ 49. Kd3 Rxf2 50. Kxc4 {is closer to a
draw than a win for Black.}) 47. Kf3 Nxc4 48. Rxb7+ Kh6 49. Nc5 Ra3 50. Nd7 g5
51. Nxf6 {Same story here - White will survive down a pawn.}) 46. Rb6 Ne4 47.
Rxb7+ Kh6 48. Nb4 Rc3 (48... Nc5 {was the last chance for Black to keep the
game even.} 49. Rb6 Na4 50. Rb8 Rc5) 49. Rb6 Ra3 {For the rest of the game
Hikaru kept on finding best moves, while Magnus was missing with his shots -
not the kind of scenario anybody would envision.} 50. Rxa6 Ra4 51. Nc6 Ra2+ 52.
Kd1 Nc3+ 53. Ke1 Nd5 (53... Kh5 $1) 54. Ra8 $16 Ra1+ (54... e5 $1) 55. Kd2 Ra2+
56. Kd3 Ra3+ 57. Kd4 Nxe3 58. a6 Nf5+ 59. Kc5 Rc3+ 60. Kb6 Nd6 61. a7 Rb3+ 62.
Kc5 Ne4+ 63. Kd4 1-0

[Event "Paris GCT Rapid"]
[Site "Paris"]
[Date "2017.06.21"]
[Round "2"]
[White "Mamedyarov, Shakhriyar"]
[Black "Carlsen, Magnus"]
[Result "0-1"]
[WhiteElo "2800"]
[BlackElo "2832"]
[Annotator "Yermolinsky,A"]
[PlyCount "56"]
[EventDate "2017.06.21"]
[EventType "tourn (rapid)"]
[EventRounds "9"]
[EventCountry "FRA"]
[EventCategory "22"]
[SourceTitle "CBM 179"]
[Source "ChessBase"]
[SourceDate "2017.07.12"]
[SourceVersion "1"]
[SourceVersionDate "2017.07.12"]
[SourceQuality "1"]

1. d4 Nf6 2. c4 e6 3. Nc3 Bb4 4. Nf3 O-O 5. Bg5 c5 6. e3 cxd4 7. exd4 d5 8.
cxd5 exd5 9. Be2 h6 10. Bxf6 Qxf6 11. O-O Bxc3 12. bxc3 Nc6 13. Re1 b6 14. Nd2
Be6 15. Nf1 Na5 16. Ne3 Rac8 17. Rc1 Rfd8 18. Bd3 Rc7 19. g3 g6 20. Ng2 Nc4 21.
Rc2 Re7 22. Qc1 {It appears that Black is in some trouble due to a possible
pin on the e-file. Carlsen finds the best answer.} Bf5 $1 ({Not} 22... Kg7 23.
Nf4 Bg4 24. Rxe7 Qxe7 25. Nxd5 Rxd5 26. Bxc4 $16) (22... g5 23. f4 $1 {can
also become dangerous for Black.}) 23. Rxe7 Bxd3 24. Rxa7 {Shak saw no reason
not to take a free pawn.} (24. Rce2 Bxe2 25. Rxe2 g5 $11) 24... g5 $1 {The key
move to restrict the white knight as the rook cannot escape.} 25. Rd2 (25. f4
Bxc2 26. Qxc2 Nd6 $44) 25... Nxd2 26. Qxd2 Be4 27. Ne1 Re8 28. a4 $4 {
Mamedyarov had 9 minutes on his clock to recognize Black's rather transparent
threat.} (28. f4 g4 $15) (28. Qd1 $142 {White holds easily, but not more than
that.}) 28... Bf3 {There it is. Nothing left to do but resign.} (28... Bf3 29.
a5 Re2 30. Qd1 Bg4 31. f3 Qe6) 0-1

[Event "Paris GCT Rapid"]
[Site "Paris"]
[Date "2017.06.21"]
[Round "3"]
[White "Carlsen, Magnus"]
[Black "Vachier Lagrave, Maxime"]
[Result "1-0"]
[WhiteElo "2832"]
[BlackElo "2796"]
[Annotator "Yermolinsky,A"]
[PlyCount "77"]
[EventDate "2017.06.21"]
[EventType "tourn (rapid)"]
[EventRounds "9"]
[EventCountry "FRA"]
[EventCategory "22"]
[SourceTitle "CBM 179"]
[Source "ChessBase"]
[SourceDate "2017.07.12"]
[SourceVersion "1"]
[SourceVersionDate "2017.07.12"]
[SourceQuality "1"]

1. e4 c5 2. Nf3 d6 3. d4 cxd4 4. Nxd4 Nf6 5. Nc3 a6 6. Be2 e5 7. Nf3 Be7 8. Bg5
Nbd7 9. a4 b6 10. Nd2 h6 11. Bxf6 Nxf6 12. Nc4 Bb7 13. a5 $1 {A new idea.} (13.
Qd3 O-O 14. Ne3 Rc8 $11) 13... b5 14. Nb6 Nxe4 {MVL is not the kind of guy to
back down.} ({Objectively speaking there wasn't much worng with the simple} 
14... Rb8) 15. Nxe4 Bxe4 16. Bf3 Bxf3 17. Qxf3 Ra7 18. c4 $1 (18. Qc6+ Kf8 19.
O-O g6 {Black's devopment problems are easily solved, and} 20. c4 {is no
longer effective on account of} Rc7) 18... d5 $1 {Both players are on top of
their game.} (18... bxc4 19. Qc6+ Kf8 20. Qxc4 g6 21. O-O Kg7 22. Rfd1 {
offers White a nice, long-term compensation.}) 19. cxb5 Bb4+ 20. Ke2 Bxa5 21.
Nxd5 axb5 {This only seems dangerous for Black. Maxime has everything under
control.} (21... O-O 22. b4 Bb6 23. bxa6 Bd4) 22. b4 Bb6 23. Rxa7 Bxa7 24. Ra1
Bb8 25. Qd3 O-O {Finally!} 26. Qxb5 e4 {Not a bad move in itself, but, perhaps,
unnecessary.} ({After the logical sequence,} 26... Qh4 27. g3 (27. h3 Rd8 28.
Ne3 Bd6) 27... Qh5+ 28. Kf1 Qxh2 29. Ra8 Bd6 30. Rxf8+ Bxf8 31. Qc6 {one way
or another Black would deliver perpetual check}) 27. g3 Be5 $2 {Strangely
enough, the bishop is more vulnerable here.} 28. Rd1 Qg5 29. Kf1 $1 f5 (29...
Qh5 30. Ne3) 30. Qe2 $5 {A sneaky move that MVL failed to read.} Kh8 $4 (30...
Bb8 31. b5 Kh8 {still aiming at f5-f4.}) (30... f4 31. Qxe4 fxg3 32. hxg3 Bxg3
{gets hit by} 33. Ne7+ Kh8 34. Ng6+) 31. f4 $1 {Just like that White wins a
piece and the game is over.} exf3 32. Qxe5 Qh5 33. Nf4 Qxh2 34. Ng6+ Kh7 35.
Nxf8+ Kh8 36. Ng6+ Kh7 37. Nh4 Qh1+ 38. Kf2 Qxd1 39. Qxf5+ 1-0

[Event "Paris GCT Rapid"]
[Site "Paris"]
[Date "2017.06.22"]
[Round "4"]
[White "So, Wesley"]
[Black "Carlsen, Magnus"]
[Result "0-1"]
[WhiteElo "2812"]
[BlackElo "2832"]
[Annotator "Yermolinsky,A"]
[PlyCount "86"]
[EventDate "2017.06.21"]
[EventType "tourn (rapid)"]
[EventRounds "9"]
[EventCountry "FRA"]
[EventCategory "22"]
[SourceTitle "CBM 179"]
[Source "ChessBase"]
[SourceDate "2017.07.12"]
[SourceVersion "1"]
[SourceVersionDate "2017.07.12"]
[SourceQuality "1"]

1. e4 e5 2. Nf3 Nc6 3. Bc4 Bc5 4. O-O Nf6 5. d3 O-O 6. c3 d6 7. Re1 a6 8. Bb3
Re8 9. h3 h6 10. Nbd2 Be6 11. Nf1 Bxb3 12. Qxb3 d5 {I'm no expert on this
structure, but it seems to me Black has fully equalized here.} 13. Be3 {
Not sure about this one either} (13. Ng3 Qd7 14. Bd2 Bb6 15. Rad1 Rad8 16. Bc1
$11) 13... Bf8 $1 14. Rad1 Na5 $1 (14... d4 $6 15. cxd4 exd4 16. Bd2 {is quite
fine for White.}) 15. Qc2 c5 16. exd5 {Understandable.} ({Wesley wasn't keen
on giving Magnus tons of space after} 16. Ng3 Nc6 17. Bc1 d4 {as White's play
on the K-side is going nowhere:} 18. Nf5 Kh7 19. g4 g6 20. Ng3 b5 21. g5 Nd7
22. gxh6 Bxh6 23. h4 Nf8 {etc.}) 16... Qxd5 17. Bd2 Nc6 18. Ne3 Qd7 $15 {
The Classic Maroczy Bind of a Bogo-Indian variety. White is very short of
ideas here.} 19. Nc4 Qc7 20. a4 b5 21. axb5 axb5 22. Na3 Qb7 23. c4 b4 24. Nb5
Rad8 25. Ra1 $6 (25. Bc1 Re6 26. b3 g6 27. Bb2 Qe7 28. Re3 Bg7 29. Rde1 Nh5 30.
g3 $15 {I realize this is no great shakes, but I see nothing better for White
but stay put.}) 25... Qd7 26. Ra6 Re6 27. Qa4 {Fishing for chances.} ({Instead,
} 27. Rea1 {was tactically sound:} Qxd3 28. Qxd3 Rxd3 29. Nc7 Red6 30. Nb5)
27... Qxd3 $1 {No hesitation from Magnus. The King is back.} 28. Bxh6 $5 {
This is a clever try, the best Wesley could come up with.} ({On} 28. Nc7 {
Magnus would flex his muscles with} Nd4 $1 29. Nxe6 (29. Nxd4 Rxa6 30. Qxa6
cxd4 {is just plain hopeless.}) 29... Nxf3+ 30. gxf3 Qxd2 $1 31. Nxd8 Qxe1+ 32.
Kg2 Nh5 {[#] The finish is very instructive:} 33. Qa1 Nf4+ 34. Kg3 Qd2 35. Nc6
Nd3 36. Qf1 Ne1 37. Nxe5 g5 $1 38. Rf6 Bd6 {Look at the pathetic role played
by the white queen.}) 28... gxh6 {Carlsen goes materialistic.} (28... e4 $5 29.
Ng5 Re5 30. Rxc6 gxh6 31. Rxf6 Rxg5 {would not yet gain Black any extra pawns
or pieces, but with the white forces scattered all over, the spoils of war
wouldn't be long in coming.}) 29. Nc7 Nd4 {In Rapid (and even more in Blitz!)
it's essentual to trust your calculations and go all the way.} ({Magnus
refused to get distracted by} 29... Red6 30. Rxc6 e4 31. Nh2 Qd2 $19) 30. Nxd4
Rxa6 31. Qxa6 Rd6 $1 32. Nc6 Qf5 $1 33. Nd5 (33. Qa8 Qd7 {hits both knights.})
33... Qe6 {This is how far Carlsen had to calculate, and no one can find a
fault in his work. Impressive.} 34. Qa8 Rxc6 35. Re3 Ne8 36. Rg3+ Kh7 37. Rf3
e4 38. Rf4 Ra6 39. Rxf7+ Qxf7 40. Qxa6 Bg7 41. Qc6 Bd4 42. Kh2 Ng7 43. Ne3 Qf4+
0-1

[Event "Paris GCT Rapid"]
[Site "Paris"]
[Date "2017.06.22"]
[Round "5"]
[White "Carlsen, Magnus"]
[Black "Topalov, Veselin"]
[Result "1-0"]
[WhiteElo "2832"]
[BlackElo "2749"]
[Annotator "Yermolinsky,A"]
[PlyCount "63"]
[EventDate "2017.06.21"]
[EventType "tourn (rapid)"]
[EventRounds "9"]
[EventCountry "FRA"]
[EventCategory "22"]
[SourceTitle "CBM 179"]
[Source "ChessBase"]
[SourceDate "2017.07.12"]
[SourceVersion "1"]
[SourceVersionDate "2017.07.12"]
[SourceQuality "1"]

1. d4 Nf6 2. c4 g6 3. Nf3 Bg7 4. g3 O-O 5. Bg2 d5 6. cxd5 Nxd5 7. O-O Nb6 8.
Nc3 Nc6 9. d5 Na5 10. e4 c6 11. Bf4 Nac4 12. Qe2 Bg4 13. h3 Bxf3 14. Bxf3 cxd5
15. exd5 {A fairly common Grünfeld structure.} Re8 (15... Nd6 {Carlsen-Wei Yi,
2016}) 16. Rac1 e5 $2 {An unfortunate idea. Helping White's Bf3 into the game
is not recommended.} 17. dxe6 Rxe6 18. Qc2 g5 19. Rfd1 Qe7 20. Bd2 Rd8 ({
The only way to justify g6-g5 seemed} 20... Nxd2 21. Qxd2 {but in a few moves,}
Re5 22. Kg2 Rf8 23. b3 f5 24. a4 a5 {the game would turn into a typical
Carlsen endgame. I wouldn't rate Black's chances of survival too
optimistically.} 25. Qd6 $16) 21. Nd5 $1 Nxd5 22. Qxc4 Red6 23. Re1 Qf6 24. Qg4
h6 25. Rc8 $1 Bf8 26. Bxd5 ({Magnus didn't seem to trust} 26. Re8 Rxc8 27. Qxc8
Qxf3 28. Rxf8+ Kg7 29. Rh8 Rg6 {although White stands better after} 30. Rg8+
Kh7 31. Re8 Qd1+ 32. Be1 {as Black's problems with his king seem permanent.})
26... Rxd5 27. Bc3 Qg6 (27... Qd6 $142) 28. Re8 $2 (28. Qf3 Rxc8 29. Qxd5 {
is still much better for White.}) 28... Rxe8 $2 {Veselin was really low on
time.} ({He missed his only chance:} 28... Rd1+ 29. Kh2 Rxe8 30. Rxe8 Qd3 $1 {
as} 31. Qb4 Rh1+ $1 {draws by perpetual.}) 29. Rxe8 Qb1+ 30. Kh2 Qf1 31. Be1
Kg7 32. Qf3 1-0

[Event "Paris GCT Rapid"]
[Site "Paris"]
[Date "2017.06.22"]
[Round "6"]
[White "Nakamura, Hikaru"]
[Black "Carlsen, Magnus"]
[Result "1/2-1/2"]
[WhiteElo "2785"]
[BlackElo "2832"]
[PlyCount "71"]
[EventDate "2017.06.21"]
[EventType "tourn (rapid)"]
[EventRounds "9"]
[EventCountry "FRA"]
[EventCategory "22"]
[SourceTitle "CBM 179"]
[Source "ChessBase"]
[SourceDate "2017.07.12"]
[SourceVersion "1"]
[SourceVersionDate "2017.07.12"]
[SourceQuality "1"]
[TimeControl "1500"]

1. d4 {[%emt 0:00:00]} d5 {[%emt 0:00:00]} 2. c4 {[%emt 0:00:00]} c6 {[%emt 0:
00:00]} 3. Nf3 {[%emt 0:00:00]} Nf6 {[%emt 0:00:00]} 4. e3 {[%emt 0:00:00]} a6
{[%emt 0:00:00]} 5. Bd3 {[%emt 0:00:00]} Bg4 {[%emt 0:00:00]} 6. Nbd2 {[%emt 0:
00:00]} e6 {[%emt 0:00:00]} 7. h3 {[%emt 0:00:00]} Bf5 {[%emt 0:00:00]} 8. Bxf5
{[%emt 0:00:00]} exf5 {[%emt 0:00:00]} 9. Qb3 {[%emt 0:00:00]} Ra7 {[%emt 0:00:
06]} 10. cxd5 {[%emt 0:00:00]} cxd5 {[%emt 0:00:42]} 11. Ne5 {[%emt 0:00:00]}
Bd6 {[%emt 0:00:08]} 12. O-O {[%emt 0:00:00]} O-O {[%emt 0:00:29]} 13. Ndf3 {
[%emt 0:00:00]} Nc6 {[%emt 0:00:19]} 14. Bd2 {[%emt 0:00:00]} Ne4 {[%emt 0:03:
14]} 15. Rfd1 {[%emt 0:00:21]} Ne7 {[%emt 0:03:49]} 16. Rac1 {[%emt 0:00:22]}
f6 {[%emt 0:00:00]} 17. Nd3 {[%emt 0:00:00]} b6 {[%emt 0:02:37]} 18. Bb4 {
[%emt 0:00:08]} a5 {[%emt 0:00:00]} 19. Bxd6 {[%emt 0:02:16]} Qxd6 {[%emt 0:00:
00]} 20. Rc2 {[%emt 0:00:00]} g5 {[%emt 0:00:19]} 21. Rdc1 {[%emt 0:00:08]} Rb8
{[%emt 0:00:00]} 22. Qb5 {[%emt 0:01:36]} Qd7 {[%emt 0:00:48]} 23. Qxd7 {
[%emt 0:01:46]} Rxd7 {[%emt 0:00:00]} 24. Nd2 {[%emt 0:00:00]} Kf7 {[%emt 0:00:
14]} 25. Nb1 {[%emt 0:00:05]} Nd6 {[%emt 0:02:19]} 26. Nd2 {[%emt 0:00:06]} Ng6
{[%emt 0:01:00]} 27. Nb1 {[%emt 0:01:37]} Ne7 {[%emt 0:01:47]} 28. b3 {[%emt 0:
00:33]} Rc8 {[%emt 0:00:04]} 29. Rxc8 {[%emt 0:00:02]} Ndxc8 {[%emt 0:00:00]}
30. Nc3 {[%emt 0:00:07]} Nd6 {[%emt 0:01:34]} 31. Na4 {[%emt 0:00:08]} Rb7 {
[%emt 0:00:00]} 32. Kf1 {[%emt 0:00:10]} h6 {[%emt 0:00:00]} 33. Nc3 {[%emt 0:
00:35]} Rc7 {[%emt 0:00:32]} 34. Na4 {[%emt 0:00:02]} Rb7 {[%emt 0:00:00]} 35.
Nc3 {[%emt 0:00:00]} Rc7 {[%emt 0:00:00]} 36. Na4 {[%emt 0:00:00]} 1/2-1/2